Organizace a řízení provozu dopravy vybrané kapitoly

Guardado en:
Detalles Bibliográficos
Autor principal: Hobza, Milan
Autor Corporativo: Vysoká škola ekonomická v Praze. Výrobně ekonomická fakulta
Formato: Libro
Lenguaje:checo
Publicado: Praha Státní pedagogické nakladatelství 1982
Etiquetas: Agregar Etiqueta
Sin Etiquetas, Sea el primero en etiquetar este registro!

MARC

LEADER 00000nam a2200000 4500
001 c134171
005 20190425095142.5
041 0 |a cze 
044 |a CZ 
245 1 0 |a Organizace a řízení provozu dopravy  |b vybrané kapitoly  |c Milan Hobza 
264 1 |a Praha  |b Státní pedagogické nakladatelství  |c 1982 
300 |a 131 s. 
100 1 |a Hobza, Milan 
710 2 |a Vysoká škola ekonomická v Praze. Výrobně ekonomická fakulta